Quizzes
Events
Quiz Creation
Community
Videos
Private Events
Remove Ads
Sign In
Join for FREE
Feedback
Dark Mode
Quiz Categories
Sports
Geography
Music
Movies
Television
Just For Fun
Miscellaneous
History
Literature
Language
Science
Gaming
Entertainment
Religion
Holiday
For Kids
Quiz Lab
Recent
Popular Today
Quiz Kudos Today
Editor Picks
Curator Picks
Quizzes by...
Day
Popularity
Type
Ratings
Length
Year
Community
Subscriptions
Recent Discussions
Orange Saloon
Badges
Playlists
Quests
Create
Leaderboards
Showdown
Live 5
Trivia Bingo
Activity
Puzzle Library
Sporcle Events
Private Events
Virtual Trivia
Globe League
Become a Host
Pub Owners
SporcleCon
Opinionation
Our Games
Videos
Blog
Mobile Apps
Partnerships
Remove Ads and Go Orange
Feedback
Music
Pop Music
The Beatles
Song
Album
Lyrics
Bands
Singers
Artist
Clip
Rock
Rap
Classical
Billboard
Country Music
Kpop
Taylor Swift
Music
Pop Music
The Beatles
Song
Album
Lyrics
Bands
Singers
Artist
Clip
Rock
Rap
Classical
Billboard
Country Music
Kpop
Taylor Swift
Random Quiz
Search Sporcle
×
Editor Pick
Editor Pick
Music
Begins and Ends
Type in answers that appear in a list
Type in answers that appear in a list
Classic
Best Score? Go Orange.
'D' #1s (US) Stats
Can you name the Billboard Hot 100 #1 Hits that start with D?
By
jmsr525
10m
46 Questions
3,580 Plays
3,580 Plays
3,580 Plays
Comments
Comments
Give Quiz Kudos
Give Quiz Kudos
-
- Ratings
hide this ad
More Info
Replay
Link that replays current quiz
Next Quiz
Link to next quiz in quiz playlist
You Got
0%
They Got
Avg Score
34%
Avg Friend Score
Upgrade to see
Score Distribution
Jump to the score distribution portion of the page
Score
0/46
Timer
10:00
1
Play Today
Artist
Song
% Correct
Abba
Dancing Queen
84.1%
Jay Sean featuring Lil Wayne
Down
81.8%
Simple Minds
Don't You (Forget About Me)
71.4%
Men at Work
Down Under
70.6%
Elton John & Kiki Dee
Don't Go Breaking My Heart
64.5%
Bobby McFerrin
Don't Worry, Be Happy
61.2%
The Human League
Don't You Want Me
59.2%
Otis Redding
(Sittin' On) The Dock of the Bay
57.7%
The Monkees
Daydream Believer
55.3%
Michael Jackson
Dirty Diana
52.2%
Petula Clark
Downtown
51.2%
George Michael/
Elton John
Don't Let the Sun Go Down on Me
49.8%
Fleetwood Mac
Dreams
49.4%
Luis Fonsi & Daddy Yankee featuring Justin Bieber
Despacito
49.1%
Rod Stewart
Da Ya Think I'm Sexy?
46.8%
Katy Perry featuring Juicy J
Dark Horse
44.9%
Cutting Crew
(I Just) Died in Your Arms
43.5%
Rihanna
Disturbia
40.4%
Rick Dees and His Cast of Idiots
Disco Duck (Part I)
38.9%
Rihanna
Diamonds
38.7%
Michael Jackson
Don't Stop 'Til You Get Enough
38.4%
Snoop Dogg featuring Pharrell
Drop It Like It's Hot
38.1%
Lauryn Hill
Doo Wop (That Thing)
37.4%
Artist
Song
% Correct
Nelly featuring Kelly Rowland
Dilemma
35.9%
Mariah Carey
Dreamlover
33.4%
BTS
Dynamite
30%
Thelma Houston
Don't Leave Me This Way
27.4%
Manfred Mann
Do Wah Diddy Diddy
27.1%
David Soul
Don't Give up on Us
24.5%
The 4 Seasons
December, 1963 (Oh, What a Night)
24%
The Captain & Tennille
Do That to Me One More Time
23.6%
The Singing Nun
Dominique
23.5%
Cher
Dark Lady
21.6%
Shaun Cassidy
Da Doo Ron Ron
20.4%
Helen Reddy
Delta Dawn
20.3%
Tommy Roe
Dizzy
18.8%
Whitney Houston
Didn't We Almost Have It All
18.6%
Taylor Hicks
Do I Make You Proud
16.8%
Akon
Don't Matter
14.8%
Mariah Carey
Don't Forget About Us
11.8%
Johnnie Taylor
Disco Lady
11.7%
Gene Chandler
Duke of Earl
10.9%
Gloria Estefan
Don't Wanna Lose You
10%
Janet
Doesn't Really Matter
9.7%
Nino Tempo & April Stevens
Deep Purple
8.4%
Connie Francis
Don't Break The Heart That Loves You
5.3%
Quiz Playlist
Details
Report
Send in Message
Add To Playlist
More Info:
Parenthetical words in the title are ignored.
Classic:
Type in answers that appear in a list
Last Updated: Feb 16, 2017
Editor Pick in
Music
Quiz Scoreboard
CHALLENGE
Sign Up to Join the Scoreboard
Show All
Scores
Hide
Comments
May contain spoilers
Recently Published
College Basketball Coaching Resumes
by pancakes188
Sports
9m
Billboard Blitz: Fleetwood Mac
by CooCooCachoo
Music
15s
Presidents Visiting Landmarks
by Hejman
History
7m
More to Explore
Quiz From the Vault
Featured Blog Post
Where Did the Easter Bunny Come From?
hide this ad
You Might Also Like...
Tags
Begins and Ends Quiz
Billboard Quiz
Numbers Quiz
Today's Top Quizzes in Music
Browse Music
hide this ad
Today's Top Quizzes in Begins and Ends
Browse Begins and Ends
Top Contributed Quizzes in Music
1
Taylor Swift All Songs (2024)
2
Guess the Artist- 70s Songs
3
7-to-1: Billboard Hot 100 #1 Hits of 2010s
4
Sorting Albums and Songs
5
Taylor Swift Logic Puzzle
6
KPOP LOGIC QUIZ
7
One Thing in Common: Music
8
Guess the Taylor Swift song (Mystery Song)
9
2010s Album by Cover III
10
Guess The Taylor Swift Lyrics Song #1
Explore More
Trending Topics
Kpop
Crossword
Marvel
Disney
Harry Potter
Anime
NBA
Country
The Office
NFL
Soccer
Song
Pokémon
Puzzle
WWE
hide this ad
More By:
jmsr525
Quiz
Plays
Rating
Category
Featured
Created
Countries by Any 3 Letters
534,791
4.81
Geography
Mar 14, 2012
Most Top Ten Hits in Each Year
103,451
4.66
Music
Mar 2, 2011
'80s Artists With a Top 5 Hit
81,593
4.07
Music
Sep 20, 2011
Most #1 Singles During Each Presidency
75,241
4.55
Music
Oct 26, 2010
Top 10 Artists Each Year (2000s)
73,579
4.51
Music
Sep 17, 2012
Go to Creator's Profile
Score Distribution
Quiz Creator Spotlight
jmsr525
Follow
Send a Message
Quizzes Created
-
Created Quiz Play Count
-
More By This Creator
Popular Quizzes Today
1
Find the US States - No Outlines Minefield
2
Find the Countries of Europe - No Outlines Minefield
3
The Countries of the World
4
Find the US States
5
Risky Map Clicking: Biggest States A-Z
6
US States
7
Popular People in 1961
8
Movies - When Are They Set?
More Music Quizzes
Wrong Song: Taylor Swift
Curator's Pick
Trending Quizzes
Risky Map Clicking: Least Populous States A-Z
1-10 Letter G Words
1-10 Letter F Words
Risky Map Clicking: Next State Alphabetically
Risky Map Clicking: Biggest States A-Z
Recently Updated
Leaping Animals
pecheneg
Reality TV Shows (A-Z)
bhenderson79
Rickey Henderson's Hall of Fame Teammates
pecheneg
Champions League XIs: Arsenal
pecheneg
Quick Pick: Celebrities in WWE's Hall of Fame
aduchscher
A-Z Keypad Blitz II
pecheneg
Multiple Oscar Actors
pecheneg
Mystery Phrase Blitz: Oscar 'Best Actors'
pecheneg
F. Scott Fitzgerald Novels
LTH
Pick 3 Villains
ddd62291
Trending Topics
Anime
NBA
Disney
Kpop
Marvel
Harry Potter
Crossword
Song
NFL
The Office
Soccer
Puzzle
WWE
Pokémon
Country
Your Account Isn't Verified!
In order to create a playlist on Sporcle, you need to verify the email address you used during registration. Go to your
Sporcle Settings
to finish the process.
Report this User
Report this user for behavior that violates our
Community Guidelines
.
Details:
Send Report
Go to the Sporcle.com Mobile Site →
Comments